000 00692nam a2200217 i 4500
001 150986
003 ES-MaACL
005 20240524063004.0
007 t|
008 071126s1909 fr ||||1| fre d
080 _a929 Dickens, Charles
100 0 _aChesterton, G. K.,
_d1874-1936
_938399
245 1 0 _aCharles Dickens /
_cpar G.K. Chesterton ; traduit par Achille Laurent et L. Martin-Dupont.
260 _aParis :
_bCh. Delagrave,
_c[1909]
300 _a212 p. ;
_c19 cm.
600 1 4 _aDickens, Charles-
_xBiografĂ­as.
_9174104
700 1 _aLaurent, Achille.
_970622
700 1 _aMartin-Dupont, L.
_977476
852 4 _aES-MaACL
_jF-9526
999 _c150986
_d150986